000
00306nam a2200109Ia 4500
005
20251222143235.0
008
251222s9999||||xx |||||||||||||| ||spa||
082
_a
330.985/I61/1993/T.1;Ej..2
245
0
_a
Informe de Coyuntura:
264
_b
Centro de Investigación Universidad del Pacífico
942
_c
LIB
999
_c
14340
_d
14340